000 00376pab a2200145 454500
008 180718b2006 xxu||||| |||| 00| 0 eng d
100 _aGriffin, John D.
245 _aSenate apportionment as a source of political inequality
260 _c2006
300 _ap.405.432.
362 _aAug
650 _aParliament
773 _aLegislative Studies Quarterly
909 _a71618
999 _c71618
_d71618